00785nam a2200193 a 450000100100000000500170001000800410002702000150006804000250008308200110010811100720011924501380019126000610032930000370039050000730042750400280050070000330052870000300056100004791020201002060815.0181003s2004 dr 000 0 spa d a9687346930 aDO-SdBNPbspacBNPHU axxbxx2 aConferencia Internacional de Seguridad Sociald([2004 :cMéxico])13aLa salud del adulto mayor :btemas y debates /cPresentación Onofre Muñoz ; editores Carmen García Peña, Luis Durán Arenas. aMéxico :bInstituto Mexicano del Seguro Social,c2004. a286 P. :bil., gráf. ;c26 cm. aIncluye referencias bibliográficas y notas al pie de las páginas aBibliografía : p. 2861 aGarcía Peña, Carmeneed.1 aDurán Arenas, Luiseed.